[Event "KAZ Cup 2019"]
[Site "Almaty"]
[Date "2019.12.16"]
[Round "6.2"]
[White "Babujian, Levon"]
[Black "Utegaliyev, Azamat"]
[Result "1/2-1/2"]
[WhiteElo "2466"]
[BlackElo "2502"]
[Annotator "ChessBase"]
[PlyCount "84"]
[EventDate "2019.12.12"]
[EventType "tourn"]
[EventCountry "KAZ"]
[SourceTitle "playchess.com"]
[Source "ChessBase"]
[SourceQuality "1"]
[TimeControl "40/5400+30:1800+30"]

1. d4 {[%emt 0:00:00]} Nf6 {[%emt 0:08:17]} 2. c4 {[%emt 0:00:00]} c6 {[%emt 0:05:29]} 3. Nc3 {[%emt 0:00:16]} d5 {[%emt 0:02:41]} 4. cxd5 {[%emt 0:00:07]} cxd5 {[%emt 0:00:03]} 5. Bf4 {[%emt 0:00:06]} Nc6 {[%emt 0:00:18]} 6. e3 {[%emt 0:00:06]} a6 {[%emt 0:00:35]} 7. Bd3 {[%emt 0:00:23]} Bg4 {[%emt 0:00:15]} 8. Nge2 {[%emt 0:01:11]} e6 {[%emt 0:03:30]} 9. O-O {[%emt 0:00:07]} Bd6 {[%emt 0:02:25]} 10. f3 {[%emt 0:00:52]} Bh5 {[%emt 0:00:17]} 11. Rc1 {[%emt 0:00:04]} Bxf4 {[%emt 0:04:01]} 12. Nxf4 {[%emt 0:00:08]} Bg6 {[%emt 0:00:03]} 13. Na4 {[%emt 0:01:12]} Nd7 {[%emt 0:00:38]} 14. Qb3 {[%emt 0:04:54]} Ra7 {[%emt 0:00:54]} 15. Nc5 {[%emt 0:03:44]} Nxc5 {[%emt 0:05:45]} 16. Rxc5 {[%emt 0:00:34]} O-O {[%emt 0:00:12]} 17. Rfc1 {[%emt 0:04:45]} Bxd3 {[%emt 0:02:09]} 18. Nxd3 {[%emt 0:03:26]} h5 {[%emt 0:00:27]} 19. Ne5 {[%emt 0:03:08]} Nxe5 {[%emt 0:02:13]} 20. dxe5 {[%emt 0:00:06]} b5 {[%emt 0:05:26]} 21. Rc6 {[%emt 0:01:10]} Rd7 {[%emt 0:09:28]} 22. Rxa6 {[%emt 0:09:26]} d4 {[%emt 0:00:18]} 23. exd4 {[%emt 0:09:20]} Rxd4 {[%emt 0:00:08]} 24. Rac6 {[%emt 0:02:31]} Rd2 {[%emt 0:08:47]} 25. Qe3 {[%emt 0:17:43]} Rxb2 {[%emt 0:01:55]} 26. a3 {[%emt 0:00:26]} Qd5 {[%emt 0:00:06]} 27. Rc8 {[%emt 0:09:04]} Rxc8 {[%emt 0:01:46]} 28. Rxc8+ {[%emt 0:00:05]} Kh7 {[%emt 0:00:05]} 29. h4 Qd1+ {[%emt 0:31:49]} 30. Kh2 {[%emt 0:01:27]} Qf1 {[%emt 0:01:43]} 31. Qe4+ {[%emt 0:01:16]} g6 {[%emt 0:00:06]} 32. Rc2 {[%emt 0:00:08]} Rxc2 {[%emt 0:01:21]} 33. Qxc2 {[%emt 0:00:05]} Qc4 {[%emt 0:00:46]} 34. Qe4 {[%emt 0:00:48]} Qc5 {[%emt 0:01:29]} 35. Qe2 {[%emt 0:00:43]} Qc4 {[%emt 0:01:05]} 36. Qe4 {[%emt 0:00:38]} Kg7 {[%emt 0:00:53]} 37. Kg3 {[%emt 0:00:58]} Qc3 {[%emt 0:00:24]} 38. Qe2 {[%emt 0:00:09]} Qc5 {[%emt 0:00:15]} 39. Kf4 {[%emt 0:01:22]} Qd4+ {[%emt 0:00:46]} 40. Kg3 {[%emt 0:00:13]} Qc5 {[%emt 0:00:17]} 41. Kf4 {[%emt 0:30:10]} Qd4+ {[%emt 0:30:44]} 42. Kg3 {[%emt 0:01:04]} Qc5 {[%emt 0:00:32]} 1/2-1/2

[Event "KAZ Cup 2019"]
[Site "Almaty"]
[Date "2019.12.16"]
[Round "6.3"]
[White "Khegay, Dmitriy"]
[Black "Stupak, Kirill"]
[Result "*"]
[WhiteElo "2504"]
[BlackElo "2529"]
[Annotator "TA"]
[PlyCount "34"]
[EventDate "2019.12.12"]
[EventType "tourn"]
[EventCountry "KAZ"]
[SourceTitle "playchess.com"]
[Source "ChessBase"]
[SourceQuality "1"]

{[%evp 10,11,0,0]} 1. e4 e6 2. d4 d5 3. e5 c5 4. c3 Qb6 5. Nf3 Nc6 6. a3 {Predecessor:} c4 $146 7. Nbd2 Na5 8. g3 Bd7 9. h4 O-O-O 10. Bh3 Kb8 11. O-O h6 12. Re1 Ne7 13. Rb1 Nc8 14. Nf1 Qc7 15. h5 Nb6 16. Be3 Ba4 17. Qe2 Be7 {1-0 (50) Vachier Lagrave,M (2778)-Rapport,R (2747) Saint Louis 2019} *

[Event "KAZ Cup 2019"]
[Site "Almaty"]
[Date "2019.12.16"]
[Round "6.3"]
[White "Khegay, Dmitriy"]
[Black "Stupak, Kirill"]
[Result "1-0"]
[WhiteElo "2504"]
[BlackElo "2529"]
[Annotator "ChessBase"]
[PlyCount "127"]
[EventDate "2019.12.12"]
[EventType "tourn"]
[EventCountry "KAZ"]
[SourceTitle "playchess.com"]
[Source "ChessBase"]
[SourceQuality "1"]
[TimeControl "40/5400+30:1800+30"]

1. e4 {[%emt 0:00:37]} e6 {[%emt 0:00:00]} 2. d4 {[%emt 0:00:02]} d5 {[%emt 0:00:00]} 3. e5 {[%emt 0:00:02]} c5 {[%emt 0:00:00]} 4. c3 {[%emt 0:00:04]} Qb6 {[%emt 0:00:00]} 5. Nf3 {[%emt 0:00:06]} Nc6 {[%emt 0:00:21]} 6. a3 {[%emt 0:00:09]} c4 {[%emt 0:01:54]} 7. Nbd2 {[%emt 0:00:06]} Na5 {[%emt 0:00:18]} 8. Rb1 {[%emt 0:00:29]} Bd7 {[%emt 0:00:13]} 9. Be2 {[%emt 0:00:16]} Ne7 {[%emt 0:00:54]} 10. h4 {[%emt 0:01:41]} Qc7 {[%emt 0:01:11]} 11. h5 {[%emt 0:00:38]} h6 {[%emt 0:01:06]} 12. Nf1 {[%emt 0:00:05]} Nc8 {[%emt 0:00:08]} 13. Bf4 {[%emt 0:00:09]} Nb6 {[%emt 0:00:04]} 14. Qd2 {[%emt 0:00:54]} Ba4 {[%emt 0:00:41]} 15. g4 O-O-O {[%emt 0:12:34]} 16. Ng3 {[%emt 0:07:58]} Be7 {[%emt 0:03:32]} 17. Kf1 {[%emt 0:00:03]} Kb8 {[%emt 0:09:04]} 18. Kg2 {[%emt 0:00:08]} Ka8 {[%emt 0:00:41]} 19. g5 {[%emt 0:03:32]} hxg5 {[%emt 0:00:23]} 20. Nxg5 {[%emt 0:00:31]} Rdf8 {[%emt 0:00:35]} 21. Nf3 {[%emt 0:00:08]} Rfg8 {[%emt 0:05:24]} 22. h6 {[%emt 0:14:04]} gxh6 {[%emt 0:01:21]} 23. Bxh6 {[%emt 0:00:04]} Qd8 {[%emt 0:11:00]} 24. Rh3 {[%emt 0:02:59]} f6 {[%emt 0:02:30]} 25. Rbh1 {[%emt 0:00:14]} Nc6 {[%emt 0:01:24]} 26. Bf4 {[%emt 0:10:00]} Rxh3 {[%emt 0:07:35]} 27. Rxh3 fxe5 {[%emt 0:00:05]} 28. Nxe5 {[%emt 0:00:29]} Nxe5 {[%emt 0:00:21]} 29. Bxe5 Bg5 {[%emt 0:17:12]} 30. Bf4 {[%emt 0:02:08]} Bxf4 {[%emt 0:08:16]} 31. Qxf4 {[%emt 0:00:09]} Bd7 {[%emt 0:01:00]} 32. Rh7 {[%emt 0:01:26]} Rf8 {[%emt 0:02:21]} 33. Qh6 {[%emt 0:02:27]} a5 {[%emt 0:03:44]} 34. Bg4 {[%emt 0:02:35]} Bc8 {[%emt 0:06:36]} 35. Bd1 {[%emt 0:05:31]} Rf6 {[%emt 0:01:11]} 36. Qg7 {[%emt 0:02:44]} Qf8 {[%emt 0:01:23]} 37. f3 {[%emt 0:06:36]} Qxg7 {[%emt 0:01:33]} 38. Rxg7 {[%emt 0:00:06]} Bd7 {[%emt 0:00:59]} 39. Nh5 {[%emt 0:02:51]} Rh6 {[%emt 0:01:10]} 40. Nf4 {[%emt 0:03:06]} Kb8 {[%emt 0:00:40]} 41. Bc2 {[%emt 0:32:04]} Kc8 {[%emt 0:04:16]} 42. Ng6 {[%emt 0:00:00]} Ba4 {[%emt 0:02:31]} 43. Bb1 {[%emt 0:00:00]} Bc6 {[%emt 0:14:54]} 44. Re7 {[%emt 0:00:00]} Bd7 {[%emt 0:01:33]} 45. Ne5 {[%emt 0:00:00]} Rf6 {[%emt 0:04:17]} 46. Kg3 {[%emt 0:00:00]} Rh6 {[%emt 0:01:30]} 47. Bc2 {[%emt 0:00:00]} Rf6 {[%emt 0:02:49]} 48. f4 {[%emt 0:00:00]} Bc6 {[%emt 0:00:57]} 49. Bd1 {[%emt 0:11:30]} Bd7 {[%emt 0:01:23]} 50. Bg4 {[%emt 0:02:05]} Kd8 {[%emt 0:00:01]} 51. Nxd7 {[%emt 0:02:28]} Nxd7 {[%emt 0:01:07]} 52. Rxe6 {[%emt 0:00:05]} Rxe6 {[%emt 0:00:12]} 53. Bxe6 {[%emt 0:00:05]} Nb6 {[%emt 0:00:44]} 54. f5 {[%emt 0:01:02]} Ke7 {[%emt 0:00:10]} 55. Kg4 {[%emt 0:01:17]} Kf6 {[%emt 0:00:47]} 56. Kf4 {[%emt 0:00:11]} Na4 {[%emt 0:00:41]} 57. Bxd5 {[%emt 0:00:07]} b5 {[%emt 0:00:36]} 58. Bc6 {[%emt 0:00:30]} Nxb2 {[%emt 0:00:09]} 59. Bxb5 {[%emt 0:00:05]} Nd1 {[%emt 0:00:43]} 60. Bxc4 {[%emt 0:00:05]} Nxc3 {[%emt 0:00:01]} 61. d5 {[%emt 0:01:04]} Nb1 {[%emt 0:00:20]} 62. d6 {[%emt 0:00:27]} Nxa3 {[%emt 0:00:21]} 63. Bd3 {[%emt 0:00:18]} a4 {[%emt 0:00:14]} 64. Ke4 {[%emt 0:00:19]} 1-0

[Event "KAZ Cup 2019"]
[Site "Almaty"]
[Date "2019.12.16"]
[Round "6.4"]
[White "Urazayev, Arystanbek"]
[Black "Igambergenov, Alibek"]
[Result "0-1"]
[WhiteElo "2433"]
[BlackElo "2410"]
[Annotator "ChessBase"]
[PlyCount "82"]
[EventDate "2019.12.12"]
[EventType "tourn"]
[EventCountry "KAZ"]
[SourceTitle "playchess.com"]
[Source "ChessBase"]
[SourceQuality "1"]
[TimeControl "40/5400+30:1800+30"]

1. e4 {[%emt 0:00:19]} g6 {[%emt 0:00:12]} 2. d4 {[%emt 0:00:37]} Bg7 {[%emt 0:00:06]} 3. Nc3 {[%emt 0:00:04]} d6 {[%emt 0:00:05]} 4. Be3 {[%emt 0:00:15]} a6 {[%emt 0:00:40]} 5. f4 {[%emt 0:01:43]} b5 {[%emt 0:00:20]} 6. Bd3 {[%emt 0:00:08]} Bb7 {[%emt 0:02:19]} 7. Nf3 {[%emt 0:00:18]} b4 {[%emt 0:03:49]} 8. Ne2 {[%emt 0:03:21]} Nf6 {[%emt 0:00:07]} 9. Ng3 {[%emt 0:02:11]} Nbd7 {[%emt 0:07:22]} 10. Qe2 {[%emt 0:03:44]} O-O {[%emt 0:09:59]} 11. O-O {[%emt 0:02:22]} e6 {[%emt 0:14:59]} 12. c3 {[%emt 0:03:52]} bxc3 {[%emt 0:05:54]} 13. bxc3 {[%emt 0:00:07]} c5 {[%emt 0:00:04]} 14. Rab1 {[%emt 0:11:11]} Bc6 {[%emt 0:01:20]} 15. Nd2 {[%emt 0:03:02]} Qc7 {[%emt 0:10:13]} 16. h3 {[%emt 0:06:58]} Rfb8 {[%emt 0:03:09]} 17. Kh2 {[%emt 0:15:14]} a5 {[%emt 0:04:42]} 18. Qf2 {[%emt 0:03:11]} a4 {[%emt 0:10:42]} 19. dxc5 {[%emt 0:11:14]} Nxc5 {[%emt 0:00:15]} 20. Bxc5 {[%emt 0:01:06]} dxc5 {[%emt 0:00:04]} 21. Qxc5 {[%emt 0:03:45]} Nd7 {[%emt 0:00:20]} 22. Qe3 {[%emt 0:03:00]} Bxc3 {[%emt 0:01:26]} 23. Rbc1 {[%emt 0:03:54]} Bb2 {[%emt 0:02:34]} 24. Rc2 {[%emt 0:00:56]} a3 {[%emt 0:00:57]} 25. e5 {[%emt 0:01:31]} Qb7 {[%emt 0:04:53]} 26. Be4 {[%emt 0:00:56]} Bd5 {[%emt 0:04:26]} 27. Nc4 {[%emt 0:03:51]} Qa7 {[%emt 0:04:44]} 28. Qf3 {[%emt 0:07:10]} Qa4 {[%emt 0:01:14]} 29. Rff2 {[%emt 0:04:48]} Bxc4 {[%emt 0:03:33]} 30. Bxa8 {[%emt 0:00:13]} Bxa2 {[%emt 0:00:04]} 31. Bc6 {[%emt 0:01:08]} Qa7 {[%emt 0:00:04]} 32. Ne4 {[%emt 0:02:30]} Nf8 {[%emt 0:03:44]} 33. Qd3 {[%emt 0:00:52]} Bb1 {[%emt 0:00:35]} 34. Nf6+ {[%emt 0:00:27]} Kg7 {[%emt 0:00:50]} 35. Qd6 {[%emt 0:00:55]} Bxc2 {[%emt 0:00:22]} 36. Rxc2 {[%emt 0:00:04]} a2 {[%emt 0:00:46]} 37. Rxb2 a1=Q {[%emt 0:00:38]} 38. Rxb8 {[%emt 0:00:39]} Q1g1+ {[%emt 0:00:16]} 39. Kg3 {[%emt 0:00:05]} Qae3+ {[%emt 0:00:57]} 40. Bf3 {[%emt 0:01:30]} Qgf2+ {[%emt 0:00:22]} 41. Kg4 {[%emt 0:30:22]} h5+ {[%emt 0:30:20]} 0-1

[Event "KAZ Cup 2019"]
[Site "Almaty"]
[Date "2019.12.16"]
[Round "6.5"]
[White "Makhnev, Denis"]
[Black "Turov, Maxim"]
[Result "1/2-1/2"]
[WhiteElo "2476"]
[BlackElo "2574"]
[Annotator "TA"]
[PlyCount "38"]
[EventDate "2019.12.12"]
[EventType "tourn"]
[EventCountry "KAZ"]
[SourceTitle "playchess.com"]
[Source "ChessBase"]
[SourceQuality "1"]

{[%evp 18,38,29,11,4,0,6,-16,-17,-20,-24,-15,-8,-18,0,-8,-6,-19,-9,-11,-6,-8,-20]} 1. d4 Nf6 2. c4 g6 3. g3 Bg7 4. Bg2 d5 5. cxd5 Nxd5 6. Nf3 O-O 7. O-O Nb6 8. Nc3 Nc6 9. e3 Re8 10. Re1 a5 {D76: Fianchetto Grünfeld: Main Line with 7...Nb6} (10... Bd7 11. h3 Qc8 12. Kh2 e5 13. d5 Na5 14. e4 Nac4 15. a4 a5 16. b3 Nd6 17. Ba3 Qd8 18. Rc1 {½-½ (52) Ding,L (2805)-Anand,V (2767) Stavanger 2019}) 11. h3 a4 12. Qd2 $146 ({Predecessor:} 12. Rb1 Ra5 13. b4 axb3 14. axb3 Nb4 15. Na4 Nxa4 16. bxa4 Nc6 17. Bd2 Ra7 18. Bc3 {½-½ (40) Paravyan,D (2605)-Iljiushenok,I (2549) Yaroslavl 2019}) 12... e5 13. d5 Na5 14. e4 c6 {The position is equal.} 15. dxc6 Nxc6 16. Qxd8 Rxd8 17. Bg5 f6 18. Be3 Nc4 $1 19. Nd5 Nxe3 1/2-1/2

[Event "KAZ Cup 2019"]
[Site "Almaty"]
[Date "2019.12.17"]
[Round "7.1"]
[White "Turov, Maxim"]
[Black "Kostenko, Petr"]
[Result "1/2-1/2"]
[WhiteElo "2574"]
[BlackElo "2467"]
[Annotator "TA"]
[PlyCount "65"]
[EventDate "2019.12.12"]
[EventType "tourn"]
[EventCountry "KAZ"]
[SourceTitle "playchess.com"]
[Source "ChessBase"]
[SourceQuality "1"]

{[%evp 9,65,-2,-2,0,32,2,31,31,32,19,34,39,27,27,40,35,26,21,29,25,37,33,36,41,23,26,50,33,32,32,29,28,28,26,20,13,15,10,10,10,10,13,14,15,11,0,10,0,0,0,0,0,0,0,0,0,0,-1142]} 1. c4 e5 2. Nc3 Bb4 3. Nd5 a5 4. g3 Nf6 $146 ({Predecessor:} 4... Ne7 5. Bg2 O-O 6. e3 Nxd5 7. cxd5 c6 8. a3 {1-0 (50) Wang,H (2707)-Sethuraman,S (2631) Sharjah 2018}) 5. Bg2 Nxd5 6. cxd5 {A21: English Opening: 1...e5 2 Nc3} c6 7. a3 Bc5 8. e3 {White is slightly better.} O-O 9. Ne2 cxd5 10. d4 exd4 11. exd4 Ba7 12. Nc3 Nc6 13. Be3 d6 14. Nxd5 Be6 15. O-O Ne7 16. Nxe7+ Qxe7 17. Qa4 Bd7 18. Qxa5 Bxd4 $1 19. Qd2 Bxe3 20. Qxe3 Qxe3 21. fxe3 Bc6 22. Rac1 {The position is equal.} Rfc8 23. Rfd1 Bxg2 24. Kxg2 $11 {[%mdl 4096] Endgame KRR-KRR} Kf8 25. Kf3 Ke7 26. Rxc8 Rxc8 {KR-KR} 27. Rd4 Rc5 28. a4 b5 29. axb5 Rxb5 30. b4 Kd7 31. h4 h5 32. Rf4 Ke8 33. Ke4 $2 {[%mdl 40960] Accuracy: White = 42%, Black = 71%. . An unexpected result.} (33. Ke2 $11) 1/2-1/2

[Event "KAZ Cup 2019"]
[Site "Almaty"]
[Date "2019.12.17"]
[Round "7.2"]
[White "Igambergenov, Alibek"]
[Black "Makhnev, Denis"]
[Result "1/2-1/2"]
[WhiteElo "2410"]
[BlackElo "2476"]
[Annotator "TA"]
[PlyCount "73"]
[EventDate "2019.12.12"]
[EventType "tourn"]
[EventCountry "KAZ"]
[SourceTitle "playchess.com"]
[Source "ChessBase"]
[SourceQuality "1"]

{[%evp 9,73,19,32,0,0,0,0,0,48,0,0,0,0,0,0,0,0,-67,-54,-74,-73,-74,-65,-77,-70,-67,-57,-64,-82,-88,-86,-82,0,0,0,0,0,0,0,0,0,0,0,0,0,0,0,0,0,0,0,0,0,0,0,0,0,0,0,0,0,0,0,0,0,0]} 1. Nf3 d5 2. c4 d4 3. b4 c5 4. Bb2 a5 5. bxc5 Nc6 6. Na3 $146 {A09: Réti Opening: 1 Nf3 d5 2 c4} ({Predecessor:} 6. d3 e5 7. Ba3 Nf6 8. Nbd2 Be7 9. g3 O-O 10. Bg2 Nd7 11. Ne4 Nb4 12. O-O {0-1 (64) Andreikin,D (2713)-Khairullin,I (2658) Khanty-Mansiysk 2013}) 6... e5 $1 7. Nb5 Bxc5 8. e3 Bg4 9. h3 (9. exd4 {keeps more tension.} exd4 10. Be2 Nf6 11. Nfxd4 Nxd4 12. Bxg4 Qe7+ 13. Be2) 9... Bxf3 10. Qxf3 Nf6 11. exd4 Nxd4 12. Nxd4 Bxd4 13. Bxd4 (13. Rb1 $11) 13... Qxd4 $15 14. Rb1 {[#]} Ne4 $1 {[%csl Ge4][%cal Rd4d2]} 15. Qe3 O-O-O {[%cal Re4d2]} 16. Qxd4 Rxd4 17. d3 Nc3 18. Rb3 Nxa2 19. Ra3 Nb4 {Hoping for ...Nc2+.} 20. Rxa5 {[#] aiming for Ra8+.} Kc7 ({Better is} 20... Rhd8 $1 $17 21. Ra8+ Kc7 22. Rxd8 Rxd8) 21. Rxe5 $11 {The position is equal.} Rxd3 22. Re7+ Rd7 23. Rxd7+ Kxd7 {[%mdl 4096] Endgame KRB-KRN} 24. Be2 Kd6 25. Kd2 Ra8 26. Bf3 Ra2+ 27. Ke3 Ra3+ 28. Ke2 Ra2+ 29. Ke3 Ra3+ 30. Ke2 Nc6 {Strongly threatening ...Nd4+.} (30... Kc7 {is more complex.} 31. Rd1 f5 32. Bd5 Na2 33. Rd4 Nc3+) 31. Rd1+ Kc5 32. Bxc6 Kxc6 33. Rd8 Ra2+ 34. Ke3 Ra3+ 35. Kd2 Ra2+ 36. Ke3 Ra3+ 37. Ke4 {Accuracy: White = 78%, Black = 79%.} 1/2-1/2

[Event "KAZ Cup 2019"]
[Site "Almaty"]
[Date "2019.12.17"]
[Round "7.3"]
[White "Stupak, Kirill"]
[Black "Urazayev, Arystanbek"]
[Result "0-1"]
[WhiteElo "2529"]
[BlackElo "2433"]
[Annotator "TA"]
[PlyCount "83"]
[EventDate "2019.12.12"]
[EventType "tourn"]
[EventCountry "KAZ"]
[SourceTitle "playchess.com"]
[Source "ChessBase"]
[SourceQuality "1"]

{[%evp 10,83,13,14,24,16,12,15,30,12,9,1,4,13,14,15,20,19,29,19,15,5,14,0,26,2,26,25,21,11,25,6,27,1,41,46,43,41,26,-3,26,40,64,52,73,14,23,-18,-8,-203,-196,-236,-232,-342,-341,-322,-328,-467,-462,-459,-453,-491,-473,-535,-316,-692,-617,-668,-635,-893,-1012,-1087,-967,-273,-842,-1551]} 1. d4 Nf6 2. Bg5 e6 3. e4 h6 4. Bxf6 Qxf6 5. Nc3 d6 6. Qd2 Qd8 {A45: Trompowsky Attack} (6... c6 7. O-O-O e5 8. Nge2 g6 9. f4 Bg7 10. h3 h5 11. g3 h4 12. g4 exf4 13. e5 Qd8 14. exd6 Bh6 {1-0 (54) Gareyev,T (2611)-Berkes,F (2644) London 2016}) 7. f4 Be7 8. Nf3 Nd7 {The position is equal.} 9. Bd3 a6 10. a4 $146 ({Predecessor:} 10. O-O O-O 11. Kh1 c5 12. d5 e5 13. fxe5 Nxe5 14. Nxe5 dxe5 {½-½ (40) Amura,C (2247)-Ermel,F (2079) Caioba 2019}) 10... O-O 11. O-O e5 12. Nd5 {[%cal Rf4e5]} exd4 13. Nxd4 Nc5 14. b4 Bf6 15. Qf2 Nxd3 16. cxd3 Bd7 17. Rac1 Rc8 18. a5 Re8 19. h3 c5 20. bxc5 dxc5 21. Nf3 $36 {[%mdl 2048] White fights for an advantage.} Be7 22. Ne5 Be6 23. Nb6 {Threatens to win with f5.} Rc7 $1 24. Kh2 Bd6 25. Nec4 Bf8 26. Qg3 f5 27. Ne3 ({Better is} 27. Rfe1 $16) 27... Qxd3 $11 28. Nxf5 (28. exf5 {seems wilder.} Bxf5 29. Nbc4 Bh7 30. Ne5 Qb3 31. Rfd1) 28... Qxg3+ $1 29. Nxg3 $2 {[#]} (29. Kxg3 $11 {and White stays safe.} Bxf5 30. exf5) 29... c4 $1 $19 30. Rfd1 c3 31. Ne2 {[#]} (31. Nd5 $142 Bxd5 32. exd5) 31... Bb4 $1 32. Nd4 Bxa5 33. Nxe6 (33. Nd5 $142 Bxd5 34. exd5) 33... Rxe6 {[%mdl 64] Double Attack} 34. Nd5 Rc4 35. e5 b5 {[%cal Bb7b5,Bb5b4][%mdl 32]} 36. Re1 Re8 37. e6 $2 (37. Ra1 Rc5 38. Rxa5 Rxd5 39. Rxa6) 37... b4 38. f5 Rd4 39. f6 Rxd5 40. f7+ Kf8 41. fxe8=Q+ Kxe8 42. Ra1 {Accuracy: White = 36%, Black = 63%.} 0-1

[Event "KAZ Cup 2019"]
[Site "Almaty"]
[Date "2019.12.17"]
[Round "7.4"]
[White "Utegaliyev, Azamat"]
[Black "Khegay, Dmitriy"]
[Result "1/2-1/2"]
[WhiteElo "2502"]
[BlackElo "2504"]
[Annotator "TA"]
[PlyCount "72"]
[EventDate "2019.12.12"]
[EventType "tourn"]
[EventCountry "KAZ"]
[SourceTitle "playchess.com"]
[Source "ChessBase"]
[SourceQuality "1"]

{[%evp 12,72,37,37,32,37,35,6,10,5,16,9,22,13,16,14,12,17,21,25,25,19,10,20,29,0,15,2,16,25,23,22,29,28,20,7,6,6,6,5,6,4,18,3,6,0,27,4,21,14,10,3,3,5,5,2,4,2,4,2,8,5,8]} 1. d4 d5 2. Nf3 Nf6 3. Bf4 c5 4. e3 Nc6 5. Nbd2 cxd4 6. exd4 Bg4 7. c3 e6 {B13: Caro-Kann: Exchange Variation and Panov-Botvinnik Attack} 8. Qb3 Qc8 9. a4 (9. Bd3 Bh5 10. O-O Bg6 11. Bxg6 hxg6 12. Rae1 Be7 13. g3 O-O 14. Ne5 Nxe5 15. dxe5 Nd7 16. h4 Nc5 17. Qc2 Qc6 18. Re3 Qa6 19. Qb1 Rac8 20. Kg2 b5 {0-1 (50) Duda,J (2738)-Van Foreest,J (2612) Wijk aan Zee 2019}) 9... Be7 10. Ne5 $146 ({Predecessor:} 10. a5 a6 11. Bd3 O-O 12. O-O Bd8 13. Bd6 Re8 14. Bb4 Bxf3 15. Nxf3 Bc7 {½-½ (15) Suket,M (1622)-Szekeres,N (1599) Hungary 2009}) 10... Nxe5 11. Bxe5 O-O 12. Bd3 Bh5 13. a5 a6 14. O-O Nd7 15. Bf4 Nb8 16. Qa4 Nc6 17. b4 Bg6 18. Be2 e5 19. dxe5 Qf5 20. Be3 Qxe5 21. Rfc1 Bd6 22. Nf3 Qf6 23. b5 axb5 24. Qxb5 Be4 25. Nd2 Bf4 26. Nxe4 dxe4 27. Bxf4 Qxf4 28. Rcb1 Qd2 29. Qxb7 {[#] And now Bc4 would win.} Rxa5 {The position is equal.} 30. Rxa5 Nxa5 31. Qb2 e3 32. Qxd2 exd2 33. f4 g6 34. Kf2 Rd8 35. Rd1 Rc8 36. Rxd2 Rxc3 {Accuracy: White = 59%, Black = 58%.} 1/2-1/2

[Event "KAZ Cup 2019"]
[Site "Almaty"]
[Date "2019.12.17"]
[Round "7.5"]
[White "Rakhimzhan, Alen"]
[Black "Babujian, Levon"]
[Result "0-1"]
[WhiteElo "2354"]
[BlackElo "2466"]
[Annotator "ChessBase"]
[PlyCount "124"]
[EventDate "2019.12.12"]
[EventType "tourn"]
[EventCountry "KAZ"]
[SourceTitle "playchess.com"]
[Source "ChessBase"]
[SourceQuality "1"]
[TimeControl "40/5400+30:1800+30"]

1. d4 {[%emt 0:10:31]} Nf6 {[%emt 0:00:00]} 2. c4 {[%emt 0:00:08]} e6 {[%emt 0:00:00]} 3. Nc3 {[%emt 0:00:09]} Bb4 {[%emt 0:00:12]} 4. Qc2 {[%emt 0:00:12]} d5 {[%emt 0:00:23]} 5. cxd5 {[%emt 0:00:13]} exd5 {[%emt 0:00:05]} 6. Bg5 {[%emt 0:00:07]} c5 {[%emt 0:00:47]} 7. Nf3 {[%emt 0:01:03]} h6 {[%emt 0:03:28]} 8. Bd2 {[%emt 0:15:11]} O-O {[%emt 0:02:08]} 9. a3 {[%emt 0:07:23]} cxd4 {[%emt 0:01:10]} 10. axb4 {[%emt 0:03:32]} dxc3 {[%emt 0:00:03]} 11. Bxc3 {[%emt 0:00:37]} Ne4 {[%emt 0:01:26]} 12. e3 {[%emt 0:01:39]} Bg4 {[%emt 0:00:58]} 13. Be2 {[%emt 0:08:26]} Nc6 {[%emt 0:09:32]} 14. b5 {[%emt 0:05:52]} Nxc3 {[%emt 0:02:02]} 15. bxc3 {[%emt 0:07:40]} Bxf3 {[%emt 0:00:23]} 16. gxf3 {[%emt 0:00:28]} Ne7 {[%emt 0:01:49]} 17. O-O {[%emt 0:06:54]} Qd6 {[%emt 0:01:32]} 18. Ra4 {[%emt 0:00:49]} Rfc8 {[%emt 0:00:52]} 19. Rfa1 {[%emt 0:00:25]} Qc5 {[%emt 0:01:45]} 20. Qd3 {[%emt 0:02:08]} Qb6 {[%emt 0:04:19]} 21. Kh1 {[%emt 0:02:12]} Rc5 {[%emt 0:05:56]} 22. Qd4 {[%emt 0:02:03]} Nf5 {[%emt 0:03:44]} 23. Qf4 {[%emt 0:00:38]} Qf6 {[%emt 0:03:48]} 24. Rg1 {[%emt 0:15:46]} Rxc3 {[%emt 0:28:14]} 25. e4 {[%emt 0:01:15]} Re8 {[%emt 0:00:47]} 26. Bd1 {[%emt 0:03:42]} dxe4 {[%emt 0:01:34]} 27. fxe4 {[%emt 0:00:03]} Re5 {[%emt 0:01:21]} 28. exf5 {[%emt 0:03:01]} Rxf5 {[%emt 0:00:03]} 29. Qb8+ {[%emt 0:01:13]} Kh7 {[%emt 0:00:04]} 30. Rag4 {[%emt 0:00:24]} g6 {[%emt 0:00:03]} 31. Qxb7 {[%emt 0:00:34]} Rxf2 {[%emt 0:03:36]} 32. R4g2 {[%emt 0:00:57]} Rxg2 {[%emt 0:10:49]} 33. Qxg2 {[%emt 0:00:02]} Qe5 {[%emt 0:00:45]} 34. Rf1 {[%emt 0:01:07]} Kg7 {[%emt 0:00:04]} 35. Qf2 {[%emt 0:00:24]} Qd5+ {[%emt 0:00:24]} 36. Kg1 {[%emt 0:00:21]} Qg5+ {[%emt 0:00:25]} 37. Kh1 {[%emt 0:00:13]} Qd5+ {[%emt 0:00:05]} 38. Bf3 {[%emt 0:00:15]} Qxb5 {[%emt 0:01:04]} 39. Qd4+ {[%emt 0:00:43]} Kh7 {[%emt 0:01:01]} 40. Bg2 {[%emt 0:00:48]} Rc7 {[%emt 0:00:22]} 41. h3 {[%emt 0:15:47]} a5 {[%emt 0:03:26]} 42. Qf4 {[%emt 0:07:46]} Qc5 {[%emt 0:01:52]} 43. Rd1 {[%emt 0:01:26]} Kg7 {[%emt 0:01:28]} 44. Kh2 {[%emt 0:00:46]} Re7 {[%emt 0:01:56]} 45. Kh1 {[%emt 0:01:40]} h5 {[%emt 0:01:30]} 46. Qa4 {[%emt 0:02:17]} Qc3 {[%emt 0:00:37]} 47. Qh4 {[%emt 0:00:43]} Rc7 {[%emt 0:03:03]} 48. Qe4 {[%emt 0:00:52]} Rc4 {[%emt 0:00:53]} 49. Qd5 {[%emt 0:02:15]} a4 {[%emt 0:03:37]} 50. Rd3 {[%emt 0:01:13]} Qa1+ {[%emt 0:03:08]} 51. Kh2 {[%emt 0:00:14]} Rf4 {[%emt 0:01:02]} 52. Qd6 {[%emt 0:01:08]} Rf2 {[%emt 0:00:28]} 53. Kg3 {[%emt 0:00:40]} Rf6 {[%emt 0:05:44]} 54. Qc5 {[%emt 0:00:17]} Qb1 {[%emt 0:01:18]} 55. Rd8 {[%emt 0:00:36]} Kh7 {[%emt 0:01:29]} 56. Kh2 {[%emt 0:00:20]} Qb2 {[%emt 0:01:01]} 57. Ra8 {[%emt 0:00:30]} Rf2 {[%emt 0:01:14]} 58. Qd5 {[%emt 0:00:40]} a3 {[%emt 0:00:09]} 59. Kg3 {[%emt 0:00:27]} Rf5 {[%emt 0:00:49]} 60. Qe4 {[%emt 0:00:42]} a2 {[%emt 0:00:14]} 61. Qe8 {[%emt 0:00:23]} Rg5+ {[%emt 0:02:04]} 62. Kh4 {[%emt 0:00:22]} Qf2+ {[%emt 0:00:09]} 0-1